Prezentácia záväzkov v účtovnej závierke podnikateľov

Na minha lista:
Detalhes bibliográficos
Autor principal: Žilkayová, Erika, 1976-
Formato: Capítulo de Livro
Idioma:eslovaco
Tags: Adicionar Tag
Sem tags, seja o primeiro a adicionar uma tag!

MARC

LEADER 00000naa$a2200000$$$4500
001 0062256
005 20240502083150.1
041 0 |a slo 
044 |a CZ 
245 1 0 |a Prezentácia záväzkov v účtovnej závierke podnikateľov  |c Erika Žilkayová 
100 1 |a Žilkayová, Erika, 1976-